000 02024nam a2200325 i 4500
003 DO-SdBNP
005 20260429094709.0
007 ta
008 250527b2024 dr ||||| |||| 00| 0 spa d
020 _a9789945290547
040 _aDO-SdBNP
_bspa
_cBNPHU
_erda
041 _aspa
082 4 _aRD861.5
_bC764h 2024
_222
100 1 _aContreras, Marivell
_eautor
_4aut.
100 z _aC., Marivell
245 1 0 _aHilos del Caribe /
_cMarivell Contreras ; fotografías, Marivell Contreras.
250 _aPrimera edición
264 4 _aSanto Domingo, República Dominicana :
_bEditora Búho,
_c©2024.
300 _a69 páginas :
_bilustraciones
_c23 cm.
336 _atexto
_btxt
_2rdacontent
337 _asin mediación
_bn
_2rdamedia
338 _avolumen
_bnc
_2rdacarrier
500 _aIncluye datos biográficos del la autora en la solapa de la cubierta
505 0 _aMarivell Moñito Cabello Malo -- Dagoberto Tejada Ortiz 11 ; Viva todo lo que somos – Thina Espaillat 17 -- Y si me trago la luna 21-- María Moñito 22 -- Matando caracolas 24 -- Mi vieja niña I 26 -- Mi vieja niña II 27-- No me tires por el pelo 28 -- No me hales el cabellito 29 -- El fracaso del otro 30 -- Afro 32 -- El pajón 34 -- Cabellitos de mar 35 -- Triunfo piloso 36 -- Abrigo del mismo bejuco 37 -- Nuevo día 38 -- Desencuentro 39 --Medusa a la inversa 40 -- Texturas rígidas 41 -- ¿Quién eres? I 43 -- ¿ Quién eres? II 44 -- ¿ Quién eres? III 45 -- ¿ Qué hay de malo ? I 46 --¿ Qué hay de malo ? II 47 -- ¿ Qué hay de malo ? III 48 -- Mi identidad I 49 -- Mi identidad II 50 -- Mi identidad III 51 -- Mi identidad IV 52 -- Ciguapa 53 -- Almas mutiladas 54 -- Hilos del Mar Caribe 56 --Dragones de mar 58 -- Zargazo trenzado 60 -- Electrizada 62 -- Anémonas 64 --Diálogo Ancestral 65 -- No te sienten 67 -- Pase Rap 68.
590 _aInventariado, 2026 /VM
650 7 _aPoesía dominicana
650 7 _aLiteratura dominicana
910 _aVMateo V. Control de calidad. BPMSU
942 _2ddc
_cBK
999 _c15806
_d15806